[Event "Gdansk op 13th"]
[Site "Gdansk"]
[Date "2011.07.19"]
[Round "4"]
[White "Zielinski, Wojciech"]
[Black "Kropidlowski, Maciej"]
[Result "1-0"]
[WhiteElo "2097"]
[BlackElo "1724"]
[PlyCount "69"]
[EventDate "2011.07.17"]
[EventType "swiss"]
[EventRounds "9"]
[EventCountry "POL"]
[SourceTitle "CBM 143 Extra"]
[Source "ChessBase"]
[SourceDate "2011.08.29"]
[SourceVersion "1"]
[SourceVersionDate "2011.08.29"]
[SourceQuality "1"]

1. Nf3 e6 2. d4 d5 3. c4 Nf6 4. Nc3 Be7 5. Bg5 h6 6. Bh4 0-0 7. cxd5 exd5 8. e3 c6 9. Bd3 Bg4 10. h3 Bh5 11. Qc2 Bxf3 12. gxf3 Nh5 13. Bxe7 Qxe7 14. 0-0-0 Na6 15. Qd2 Nf6 16. Rhg1 Rac8 17. e4 Kh8 18. Rxg7 Kxg7 19. Rg1+ Kh7 20. e5+ Ne4 21. Nxe4 Qh4 22. Rg4 Qxg4 23. Nf6+ Kg7 24. Nxg4 Rh8 25. Qf4 Nb4 26. Qf6+ Kg8 27. Bf5 Rc7 28. Nxh6+ Rxh6 29. Qxh6 Nxa2+ 30. Kd2 Nb4 31. Bh7+ Kh8 32. Bf5+ Kg8 33. e6 c5 34. e7 cxd4 35. Qf8# 1-0

[Event "Gdansk op 12th "]
[Site "Gdansk"]
[Date "2010.07.21"]
[Round "6"]
[White "Kropidlowski, Maciej"]
[Black "Kanarkiewicz, Michal"]
[Result "0-1"]
[WhiteElo "1690"]
[BlackElo "1918"]
[PlyCount "96"]
[EventDate "2010.07.17"]
[EventType "swiss"]
[EventRounds "9"]
[EventCountry "POL"]
[SourceTitle "EXT 2011"]
[Source "ChessBase"]
[SourceDate "2010.11.26"]
[SourceVersion "1"]
[SourceVersionDate "2010.11.26"]
[SourceQuality "1"]

1. e4 c5 2. Nf3 d6 3. Nc3 Nf6 4. Bb5+ Bd7 5. Bxd7+ Nbxd7 6. d3 g6 7. Bg5 Bg7 8. Qd2 h6 9. Be3 Ng4 10. 0-0 Nxe3 11. fxe3 0-0 12. Kh1 Rb8 13. Rab1 b5 14. Ne2 b4 15. c3 a5 16. b3 Qc7 17. c4 Ra8 18. d4 Qb7 19. Qd3 Rfd8 20. Rfc1 e6 21. h3 Qc7 22. g3 a4 23. Kg2 axb3 24. axb3 Ra3 25. Kf2 Rda8 26. Kg2 R8a6 27. Kf2 Qb7 28. Nd2 Qa8 29. Ke1 Qa7 30. Kf1 Ra2 31. Nf3 Qa8 32. Rc2 R2a3 33. Kf2 Qd8 34. Kg2 Kh7 35. Rcc1 Qa8 36. Kf2 Ra2 37. Rc2 Rxc2 38. Qxc2 Ra2 39. Qd3 Nf6 40. d5 exd5 41. exd5 Qe8 42. Kf1 Ne4 43. Rd1 f5 44. Nd2 Qe5 45. Kg2 Qb2 46. Nxe4 fxe4 47. Qxe4 Qxe2+ 48. Kg1 Qxd1# 0-1

[Event "Kowalewo Pomorskie op-B 17th"]
[Site "Kowalewo Pomorskie"]
[Date "2010.07.09"]
[Round "7"]
[White "Dobrowolski, Marcin"]
[Black "Kropidlowski, Maciej"]
[Result "0-1"]
[WhiteElo "1964"]
[BlackElo "1690"]
[PlyCount "110"]
[EventDate "2010.07.04"]
[EventType "swiss"]
[EventRounds "9"]
[EventCountry "POL"]
[SourceTitle "EXT 2011"]
[Source "ChessBase"]
[SourceDate "2010.11.26"]
[SourceVersion "1"]
[SourceVersionDate "2010.11.26"]
[SourceQuality "1"]

1. d4 e6 2. c4 d5 3. Nc3 Nf6 4. cxd5 exd5 5. Bg5 c6 6. e3 Bd6 7. Bd3 h6 8. Bh4 Be6 9. Nge2 Nbd7 10. Qc2 Qc7 11. Rc1 Rc8 12. Bf5 Bxf5 13. Qxf5 a6 14. Bg3 0-0 15. Nf4 Qb8 16. 0-0 Rfe8 17. Nd3 Bxg3 18. hxg3 Re7 19. Na4 Rd8 20. b4 Ne4 21. Nac5 Ndxc5 22. Nxc5 Nxc5 23. Rxc5 Qd6 24. Rfc1 Rc7 25. a3 Rdc8 26. Qd3 Qd7 27. f3 Qd6 28. Kf2 Rd8 29. g4 Qf6 30. Rh1 Kf8 31. Rh5 Re8 32. Rc1 Rd7 33. g3 Ke7 34. a4 Rh8 35. b5 axb5 36. axb5 Ra8 37. Rc2 g5 38. Qc3 Rd6 39. Qb4 Rc8 40. Rh1 Kf8 41. bxc6 bxc6 42. Rhc1 Kg7 43. Qb7 Qe6 44. Ra1 Re8 45. Rc3 h5 46. gxh5 Qh3 47. Rg1 Ree6 48. g4 Rf6 49. Rg3 Qh2+ 50. Rg2 Rxf3+ 51. Kxf3 Rf6+ 52. Ke2 Qxg2+ 53. Kd3 Qf1+ 54. Kc2 Rf2+ 55. Kb3 Qb1+ 0-1

[Event "Kowalewo Pomorskie op-B 17th"]
[Site "Kowalewo Pomorskie"]
[Date "2010.07.09"]
[Round "8"]
[White "Pilarski, Dawid"]
[Black "Kropidlowski, Maciej"]
[Result "0-1"]
[WhiteElo "1829"]
[BlackElo "1690"]
[PlyCount "62"]
[EventDate "2010.07.04"]
[EventType "swiss"]
[EventRounds "9"]
[EventCountry "POL"]
[SourceTitle "EXT 2011"]
[Source "ChessBase"]
[SourceDate "2010.11.26"]
[SourceVersion "1"]
[SourceVersionDate "2010.11.26"]
[SourceQuality "1"]

1. e4 e6 2. d4 d5 3. exd5 exd5 4. c4 Nf6 5. Nc3 Bb4 6. Qb3 Bxc3+ 7. bxc3 0-0 8. Nf3 Re8+ 9. Be2 h6 10. cxd5 Qxd5 11. c4 Qe4 12. Qb2 Bg4 13. Be3 Nbd7 14. h3 Bh5 15. 0-0 b6 16. a4 Re7 17. a5 Rae8 18. Ra3 Nf8 19. d5 Bxf3 20. Bxf3 Qf5 21. axb6 axb6 22. Ra7 Ng6 23. Qd4 Ne5 24. Be2 Ne4 25. Rfa1 Nc5 26. Qc3 Ned3 27. Bf1 Qe4 28. Qd4 Qg6 29. Bxd3 Nxd3 30. Rd1 Ne5 31. f4 Nf3+ 0-1

[Event "Kowalewo Pomorskie op-B 17th"]
[Site "Kowalewo Pomorskie"]
[Date "2010.07.08"]
[Round "6"]
[White "Kropidlowski, Maciej"]
[Black "Polarczyk, Pawel"]
[Result "1/2-1/2"]
[WhiteElo "1690"]
[BlackElo "1856"]
[PlyCount "47"]
[EventDate "2010.07.04"]
[EventType "swiss"]
[EventRounds "9"]
[EventCountry "POL"]
[SourceTitle "EXT 2011"]
[Source "ChessBase"]
[SourceDate "2010.11.26"]
[SourceVersion "1"]
[SourceVersionDate "2010.11.26"]
[SourceQuality "1"]

1. e4 e6 2. d4 d5 3. exd5 exd5 4. Bd3 Bd6 5. Ne2 Nf6 6. Bf4 Be6 7. 0-0 c6 8. c3 Qc7 9. Bxd6 Qxd6 10. Nd2 Nbd7 11. Qc2 0-0 12. Ng3 Rac8 13. Nf5 Bxf5 14. Bxf5 b6 15. Nf3 Rfe8 16. Rfe1 g6 17. Bxd7 Nxd7 18. Re2 f6 19. Rae1 Rxe2 20. Qxe2 Kf7 21. Qa6 Rc7 22. Qe2 Rc8 23. Qa6 Rc7 24. Qe2 1/2-1/2

[Event "Chojnice op-B"]
[Site "Chojnice"]
[Date "2009.07.15"]
[Round "7"]
[White "Choinski, Lukasz"]
[Black "Kropidlowski, Maciej"]
[Result "1-0"]
[WhiteElo "1812"]
[BlackElo "1711"]
[PlyCount "47"]
[EventDate "2009.07.11"]
[EventType "swiss"]
[EventRounds "9"]
[EventCountry "POL"]
[SourceTitle "EXT 2011"]
[Source "ChessBase"]
[SourceDate "2010.11.26"]
[SourceVersion "1"]
[SourceVersionDate "2010.11.26"]
[SourceQuality "1"]

1. e4 e6 2. d4 d5 3. Nd2 Nf6 4. e5 Nfd7 5. Bd3 c5 6. c3 Nc6 7. Ne2 Be7 8. 0-0 0-0 9. Nf3 b6 10. Re1 a5 11. Bd2 cxd4 12. Nexd4 Qc7 13. Nxc6 Qxc6 14. Nd4 Qc7 15. Bf4 Nc5 16. Re3 Ba6 17. Bc2 Rfc8 18. Bxh7+ Kxh7 19. Rh3+ Kg8 20. Qh5 f6 21. exf6 Qxf4 22. Qh8+ Kf7 23. Qxg7+ Ke8 24. Qxe7# 1-0

[Event "Olsztyn Vacation-A"]
[Site "Olsztyn"]
[Date "2009.02.02"]
[Round "5.5"]
[White "Witbrodt, Jakub"]
[Black "Kropidlowski, Maciej"]
[Result "0-1"]
[WhiteElo "1605"]
[BlackElo "1709"]
[PlyCount "56"]
[EventDate "2009.02.02"]
[EventType "swiss"]
[EventRounds "9"]
[EventCountry "POL"]
[SourceTitle "EXT 2023"]
[Source "ChessBase"]
[SourceDate "2022.10.05"]
[SourceVersion "1"]
[SourceVersionDate "2022.10.05"]
[SourceQuality "1"]

1. e4 e6 2. d4 d5 3. Nc3 Bb4 4. a3 Bxc3+ 5. bxc3 Ne7 6. e5 c5 7. Qg4 Qc7 8. Qxg7 Rg8 9. Qxh7 cxd4 10. Ne2 dxc3 11. f4 Nbc6 12. Qd3 Nf5 13. Be3 Qa5 14. Nd4 Nxe3 15. Qxe3 Nxd4 16. Qxd4 Bd7 17. h4 Rc8 18. h5 Bb5 19. h6 Bxf1 20. Kxf1 Qb5+ 21. Kf2 Rc4 22. h7 Rh8 23. Qxa7 Kf8 24. Qe3 Re4 25. Qxc3 Qe2+ 26. Kg1 Rxf4 27. Qg3 Qxe5 28. Re1 Rf1+ 0-1

[Event "Polanica Zdroj op-D 44th"]
[Site "Polanica Zdroj"]
[Date "2008.08.27"]
[Round "9"]
[White "Kropidlowski, Maciej"]
[Black "Budzinski, Jan"]
[Result "1/2-1/2"]
[WhiteElo "1699"]
[BlackElo "1866"]
[PlyCount "78"]
[EventDate "2008.08.19"]
[EventType "swiss"]
[EventRounds "9"]
[EventCountry "POL"]
[SourceTitle "EXT 2009"]
[Source "ChessBase"]
[SourceDate "2008.11.26"]
[SourceVersion "1"]
[SourceVersionDate "2008.11.26"]
[SourceQuality "1"]

1. e4 c5 2. Nf3 e6 3. d4 cxd4 4. Nxd4 Nc6 5. Nc3 Qc7 6. Be3 a6 7. Be2 Nf6 8. a3 Be7 9. 0-0 0-0 10. Kh1 b5 11. f4 d6 12. Bf3 Bb7 13. Qe1 Na5 14. b3 Rac8 15. Bd2 Nc6 16. Nxc6 Bxc6 17. Qe3 Rfd8 18. Ne2 d5 19. e5 Nd7 20. Bb4 Bxb4 21. axb4 Bb7 22. c3 Qb6 23. Nd4 Nb8 24. Qd3 Nc6 25. Nxc6 Rxc6 26. Rfc1 Rdc8 27. Rc2 R6c7 28. Rac1 a5 29. bxa5 Qxa5 30. Qd4 Ba6 31. b4 Qa4 32. Be2 Bb7 33. h4 Bc6 34. Bd3 Bd7 35. g4 Qa7 36. Kg2 Qxd4 37. cxd4 Rxc2+ 38. Rxc2 Rxc2+ 39. Bxc2 g6 1/2-1/2

[Event "Wroclaw Polonia CC-B 3rd"]
[Site "Wroclaw"]
[Date "2008.06.27"]
[Round "9"]
[White "Kropidlowski, Maciej"]
[Black "Leks, Maria"]
[Result "1-0"]
[WhiteElo "1711"]
[BlackElo "1776"]
[PlyCount "55"]
[EventDate "2008.06.21"]
[EventType "swiss"]
[EventRounds "9"]
[EventCountry "POL"]
[SourceTitle "EXT 2023"]
[Source "ChessBase"]
[SourceDate "2022.10.05"]
[SourceVersion "1"]
[SourceVersionDate "2022.10.05"]
[SourceQuality "1"]

1. e4 c6 2. d4 d5 3. e5 Bf5 4. g4 Bd7 5. f4 e6 6. Nf3 c5 7. c3 Nc6 8. Be3 cxd4 9. cxd4 Bb4+ 10. Nbd2 Nge7 11. a3 Ba5 12. b4 Bb6 13. Nb3 h5 14. Nh4 hxg4 15. Qxg4 g6 16. Bd3 Rg8 17. Nf3 Qc7 18. Rc1 Qd8 19. Ng5 Nf5 20. Bxf5 exf5 21. Qf3 Be6 22. h4 Rh8 23. h5 Rxh5 24. Rxh5 gxh5 25. Qxh5 Qe7 26. Nxe6 Qxe6 27. Qh8+ Ke7 28. Qxa8 1-0

[Event "Wroclaw Polonia CC-B 3rd"]
[Site "Wroclaw"]
[Date "2008.06.26"]
[Round "8"]
[White "Krepski, Artemiusz"]
[Black "Kropidlowski, Maciej"]
[Result "1-0"]
[WhiteElo "1664"]
[BlackElo "1711"]
[PlyCount "82"]
[EventDate "2008.06.21"]
[EventType "swiss"]
[EventRounds "9"]
[EventCountry "POL"]
[SourceTitle "EXT 2023"]
[Source "ChessBase"]
[SourceDate "2022.10.05"]
[SourceVersion "1"]
[SourceVersionDate "2022.10.05"]
[SourceQuality "1"]

1. d4 e6 2. c4 d5 3. Nc3 Nf6 4. cxd5 exd5 5. Bg5 Be7 6. Qc2 h6 7. Bh4 Nc6 8. e3 0-0 9. a3 Re8 10. Bd3 Ng4 11. Bxe7 Rxe7 12. Nge2 Qd6 13. h3 Nf6 14. 0-0 a6 15. Ng3 Be6 16. Rfc1 Nd7 17. Na4 Ree8 18. b4 Rec8 19. Nf5 Bxf5 20. Bxf5 Rcb8 21. Bxd7 Qxd7 22. Nc5 Qd8 23. Nxb7 Rxb7 24. Qxc6 Raa7 25. Rc5 Rb6 26. Qxd5 Qh4 27. Qf3 Rf6 28. Rf5 Rxf5 29. Qxf5 g6 30. Qc5 Rb7 31. Rc1 Rb5 32. Qxc7 Rf5 33. Qg3 Qe4 34. Rc5 Qb1+ 35. Kh2 Rf6 36. Rc8+ Kg7 37. Qe5 g5 38. Rc6 Qf5 39. Rxf6 Qxf6 40. a4 Kg6 41. Qxf6+ Kxf6 1-0

[Event "Wroclaw Polonia CC-B 3rd"]
[Site "Wroclaw"]
[Date "2008.06.25"]
[Round "7"]
[White "Kropidlowski, Maciej"]
[Black "Zahorska, Aleksandra"]
[Result "1-0"]
[WhiteElo "1711"]
[BlackElo "1544"]
[PlyCount "79"]
[EventDate "2008.06.21"]
[EventType "swiss"]
[EventRounds "9"]
[EventCountry "POL"]
[SourceTitle "EXT 2023"]
[Source "ChessBase"]
[SourceDate "2022.10.05"]
[SourceVersion "1"]
[SourceVersionDate "2022.10.05"]
[SourceQuality "1"]

1. e4 c5 2. Nf3 e6 3. d4 cxd4 4. Nxd4 Nc6 5. Nc3 Qc7 6. Ndb5 Qb8 7. g3 a6 8. Nd4 Qc7 9. Bg2 Nf6 10. 0-0 Be7 11. Be3 d6 12. Kh1 Ne5 13. Qe1 0-0 14. b3 Bd7 15. Nce2 Bc6 16. Nxc6 Nxc6 17. c4 Ng4 18. Bd2 Bf6 19. Bc3 Bxc3 20. Qxc3 Qb6 21. Qf3 Nce5 22. Qf4 h6 23. Nc3 Qb4 24. Qd2 Rfd8 25. f4 Nc6 26. h3 Nf6 27. Qe3 Nd7 28. Rad1 Nc5 29. g4 Ne7 30. h4 Rd7 31. f5 Rad8 32. f6 Ng6 33. fxg7 Kxg7 34. h5 Ne5 35. g5 hxg5 36. Qxg5+ Kh7 37. Rf6 Ng4 38. Qxg4 Rg8 39. Qf4 Qxc3 40. Qh6# 1-0

[Event "Wroclaw Polonia CC-B 3rd"]
[Site "Wroclaw"]
[Date "2008.06.23"]
[Round "4"]
[White "Badik, Maksym"]
[Black "Kropidlowski, Maciej"]
[Result "0-1"]
[WhiteElo "1787"]
[BlackElo "1711"]
[PlyCount "66"]
[EventDate "2008.06.21"]
[EventType "swiss"]
[EventRounds "9"]
[EventCountry "POL"]
[SourceTitle "EXT 2023"]
[Source "ChessBase"]
[SourceDate "2022.10.05"]
[SourceVersion "1"]
[SourceVersionDate "2022.10.05"]
[SourceQuality "1"]

1. e4 e6 2. d4 d5 3. Nc3 Bb4 4. e5 c5 5. a3 Bxc3+ 6. bxc3 Ne7 7. Qg4 Ng6 8. h4 Rg8 9. h5 Ne7 10. Bd3 Nf5 11. Bxf5 exf5 12. Qg3 b6 13. Nf3 Ba6 14. Bg5 Qc8 15. Kd2 Nc6 16. Rhe1 cxd4 17. Nxd4 Nxd4 18. cxd4 Qe6 19. Re3 Rc8 20. Qf4 h6 21. Bh4 Rc4 22. c3 Bb5 23. Qf3 Bd7 24. Rb1 b5 25. Rb3 Ra4 26. Kc2 Qa6 27. g4 Rxa3 28. Rb2 Qa4+ 29. Kd2 Ra1 30. Rc2 Qb3 31. gxf5 Qb1 32. Kd3 b4 33. e6 Bb5+ 0-1

[Event "POL 14th Olympiade U14 Boys"]
[Site "Szczawno Zdroj"]
[Date "2008.05.03"]
[Round "9"]
[White "Adamus, Filip"]
[Black "Kropidlowski, Maciej"]
[Result "0-1"]
[WhiteElo "1780"]
[BlackElo "1711"]
[PlyCount "74"]
[EventDate "2008.04.27"]
[EventType "swiss"]
[EventRounds "10"]
[EventCountry "POL"]
[SourceTitle "EXT 2009"]
[Source "ChessBase"]
[SourceDate "2008.11.26"]
[SourceVersion "1"]
[SourceVersionDate "2008.11.26"]
[SourceQuality "1"]

1. d4 d5 2. Nf3 Nf6 3. c4 e6 4. Nc3 Be7 5. Bf4 0-0 6. e3 b6 7. Bd3 Bb7 8. 0-0 Nbd7 9. Qe2 c5 10. Rfd1 a6 11. a4 Rc8 12. cxd5 exd5 13. dxc5 Nxc5 14. Bf5 Ne6 15. Be5 Rc5 16. Bd3 Qa8 17. Nd4 Nxd4 18. Bxd4 Rc6 19. Rdc1 Qc8 20. Qf1 Rd8 21. a5 b5 22. Bb6 Rf8 23. Nxb5 axb5 24. Bxb5 Rxc1 25. Rxc1 Qe6 26. Rc7 Ba8 27. Qc1 Bd8 28. Bc5 Bxc7 29. Bxf8 Bxa5 30. Qa1 Qb6 31. Bb4 Qxb5 32. Bxa5 Bb7 33. Bc3 Ne4 34. Qa7 h6 35. Qb8+ Kh7 36. Qe5 Nxc3 37. Qxc3 Qc4 0-1

[Event "POL 14th Olympiade U14 Boys"]
[Site "Szczawno Zdroj"]
[Date "2008.05.02"]
[Round "8"]
[White "Kropidlowski, Maciej"]
[Black "Jaskolka, Tomasz"]
[Result "0-1"]
[WhiteElo "1711"]
[BlackElo "1763"]
[PlyCount "149"]
[EventDate "2008.04.27"]
[EventType "swiss"]
[EventRounds "10"]
[EventCountry "POL"]
[SourceTitle "EXT 2009"]
[Source "ChessBase"]
[SourceDate "2008.11.26"]
[SourceVersion "1"]
[SourceVersionDate "2008.11.26"]
[SourceQuality "1"]

1. e4 c5 2. Nf3 d6 3. d4 cxd4 4. Nxd4 Nf6 5. Nc3 g6 6. f4 Nc6 7. Bb5 Bd7 8. Bxc6 bxc6 9. e5 dxe5 10. fxe5 Nd5 11. Nxd5 cxd5 12. Qf3 Bg7 13. 0-0 0-0 14. Qxd5 e6 15. Qe4 Qc7 16. Bf4 Rab8 17. Rab1 Qc4 18. b3 Qc5 19. Kh1 Qc3 20. Rf3 Qa5 21. Rh3 Qxa2 22. Rd1 Rb4 23. Bh6 Bc6 24. Qf4 Rxd4 25. Qxd4 Qxc2 26. Qd2 Qxd2 27. Rxd2 Bxh6 28. Rxh6 Bd5 29. Rh3 Rc8 30. Kg1 Rc1+ 31. Kf2 Rb1 32. Rc2 a5 33. Ra2 Bxb3 34. Rxa5 Rb2+ 35. Ke1 Bd5 36. g4 Rb4 37. Rg3 Re4+ 38. Kd2 Rxe5 39. Rc5 Kg7 40. Rc7 g5 41. Re3 Rxe3 42. Kxe3 Kg6 43. Rc8 f5 44. gxf5+ exf5 45. Rd8 Be4 46. Rd6+ Kh5 47. Rd7 h6 48. Rh7 Bc2 49. Rh8 f4+ 50. Kf2 Kg6 51. Rf8 Kg7 52. Rc8 Be4 53. Re8 Bg6 54. Re7+ Kf6 55. Ra7 g4 56. Ra6+ Kg5 57. Ra4 h5 58. Ra5+ Bf5 59. Ra3 h4 60. Ra5 Kf6 61. Ra6+ Be6 62. Ra4 Ke5 63. Ra5+ Bd5 64. Rb5 Ke4 65. Rb4+ Ke5 66. Rb8 g3+ 67. Kg1 f3 68. hxg3 hxg3 69. Re8+ Kf4 70. Rf8+ Ke3 71. Re8+ Be4 72. Rg8 f2+ 73. Kf1 g2+ 74. Rxg2 Bxg2+ 75. Kxg2 0-1

[Event "POL 14th Olympiade U14 Boys"]
[Site "Szczawno Zdroj"]
[Date "2008.04.27"]
[Round "1"]
[White "Kropidlowski, Maciej"]
[Black "Chudzik, Tomasz"]
[Result "0-1"]
[WhiteElo "1711"]
[BlackElo "1881"]
[PlyCount "96"]
[EventDate "2008.04.27"]
[EventType "swiss"]
[EventRounds "10"]
[EventCountry "POL"]
[SourceTitle "EXT 2009"]
[Source "ChessBase"]
[SourceDate "2008.11.26"]
[SourceVersion "1"]
[SourceVersionDate "2008.11.26"]
[SourceQuality "1"]

1. e4 c5 2. Nf3 Nc6 3. d4 cxd4 4. Nxd4 Nf6 5. Nc3 e5 6. Nb3 Bb4 7. f3 d5 8. exd5 Nxd5 9. Bd2 Nxc3 10. Bxc3 Bxc3+ 11. bxc3 Qh4+ 12. g3 Qg5 13. Qd2 Qe7 14. Bg2 0-0 15. 0-0 Be6 16. Kh1 Bc4 17. Rfe1 Qc7 18. Re4 Rfd8 19. Qg5 f6 20. Qh4 Bd5 21. Re3 Na5 22. Bf1 Nc4 23. Bxc4 Bxc4 24. g4 h6 25. Qg3 Rd7 26. h4 g5 27. Kg2 Bxb3 28. cxb3 Rd2+ 29. Kf1 Rad8 30. c4 Qd6 31. hxg5 Qd4 32. Rae1 hxg5 33. Qh3 Kg7 34. Qh5 Rh8 35. Qxh8+ Kxh8 36. R3e2 Qf4 37. Kg2 Rd3 38. Rf2 Kg7 39. Re4 Qc1 40. Ree2 Rd1 41. Kg3 Rg1+ 42. Rg2 Qf4+ 43. Kf2 Rh1 44. Re4 Rf1+ 45. Kxf1 Qxf3+ 46. Kg1 Qxe4 47. Kf2 f5 48. gxf5 Qxf5+ 0-1

[Event "Polanica Zdroj op-D 43rd"]
[Site "Polanica Zdroj"]
[Date "2007.08.22"]
[Round "6.2"]
[White "Klimek, Marcin"]
[Black "Kropidlowski, Maciej"]
[Result "0-1"]
[WhiteElo "1740"]
[BlackElo "1686"]
[PlyCount "76"]
[EventDate "2007.08.17"]
[EventType "swiss"]
[EventRounds "9"]
[EventCountry "POL"]
[SourceTitle "CBM 120 Extra"]
[Source "ChessBase"]
[SourceDate "2007.11.01"]
[SourceVersion "1"]
[SourceVersionDate "2007.11.01"]
[SourceQuality "1"]

1. e4 e6 2. d4 d5 3. Nc3 Bb4 4. e5 c5 5. a3 Bxc3+ 6. bxc3 Ne7 7. Nf3 Nbc6 8. h4 Qb6 9. Bd3 Bd7 10. Be3 cxd4 11. cxd4 h6 12. h5 Rc8 13. g4 Na5 14. Rb1 Qc7 15. Bd2 Nc4 16. Bxc4 dxc4 17. c3 Bc6 18. Rh3 Qa5 19. Qc1 Be4 20. Rb4 Qd5 21. Nh4 b5 22. f3 Bd3 23. Ng2 Qb7 24. Nf4 Bh7 25. Rb2 Nd5 26. Nxd5 Qxd5 27. Bxh6 gxh6 28. Qxh6 Kd7 29. Qg7 Rcf8 30. g5 Bd3 31. Kf2 Rhg8 32. Qf6 Bf5 33. Rh2 Qb7 34. Ke3 Qa6 35. Ra2 Qa5 36. Kd2 Qa4 37. Rh1 Qb3 38. Rha1 Bb1 0-1

[Event "POL-ch U14"]
[Site "Turawa"]
[Date "2007.04.30"]
[Round "5"]
[White "Grabowski, Adam"]
[Black "Kropidlowski, Maciej"]
[Result "0-1"]
[WhiteElo "1793"]
[BlackElo "1750"]
[PlyCount "90"]
[EventDate "2007.04.27"]
[EventType "swiss"]
[EventRounds "10"]
[EventCountry "POL"]
[SourceTitle "EXT 2011"]
[Source "ChessBase"]
[SourceDate "2010.11.26"]
[SourceVersion "1"]
[SourceVersionDate "2010.11.26"]
[SourceQuality "1"]

1. d4 Nf6 2. c4 e5 3. e3 exd4 4. exd4 Bb4+ 5. Bd2 Bxd2+ 6. Nxd2 0-0 7. Bd3 d5 8. Ne2 dxc4 9. Bxc4 Nc6 10. Nb3 Bf5 11. 0-0 Qd6 12. Ng3 Bg6 13. Bd3 b6 14. Bxg6 hxg6 15. Rc1 Rad8 16. Ne2 Ng4 17. g3 Rfe8 18. a3 g5 19. h3 Nf6 20. Re1 Ne4 21. Qc2 Qf6 22. Rf1 Rd6 23. d5 Ne5 24. f4 Nd7 25. Nd2 Nec5 26. Nc3 a6 27. Rce1 Rxe1 28. Rxe1 gxf4 29. g4 Qh4 30. Re8+ Nf8 31. Qf5 Qg3+ 32. Kf1 Qxh3+ 33. Ke2 f3+ 34. Nxf3 Rf6 35. Rxf8+ Kxf8 36. Qc8+ Ke7 37. Qxc7+ Nd7 38. d6+ Rxd6 39. Ne4 Re6 40. Nfg5 Qxg4+ 41. Kd3 Re5 42. Qd6+ Ke8 43. Qc6 Rxg5 44. Nd6+ Ke7 45. Nc8+ Kd8 0-1

[Event "POL-ch U14"]
[Site "Turawa"]
[Date "2007.04.29"]
[Round "4"]
[White "Kropidlowski, Maciej"]
[Black "Ancuta, Adam"]
[Result "0-1"]
[WhiteElo "1750"]
[BlackElo "1817"]
[PlyCount "70"]
[EventDate "2007.04.27"]
[EventType "swiss"]
[EventRounds "10"]
[EventCountry "POL"]
[SourceTitle "EXT 2011"]
[Source "ChessBase"]
[SourceDate "2010.11.26"]
[SourceVersion "1"]
[SourceVersionDate "2010.11.26"]
[SourceQuality "1"]

1. e4 e5 2. Bc4 Bc5 3. d3 Nc6 4. Nc3 d6 5. Nge2 Nf6 6. 0-0 0-0 7. Bg5 Be6 8. Bb3 Nd4 9. Na4 Bg4 10. Nac3 b5 11. Qd2 b4 12. Nxd4 bxc3 13. bxc3 exd4 14. cxd4 Bxd4 15. c3 Bb6 16. Kh1 h6 17. Bh4 Nxe4 18. dxe4 Qxh4 19. Bd5 Rad8 20. f3 Be6 21. g3 Qf6 22. c4 Bh3 23. f4 Bxf1 24. Rxf1 Qd4 25. Qe2 Rb8 26. f5 Qf6 27. Qh5 Bd4 28. g4 Rb2 29. Qh3 Be5 30. Qf3 Qh4 31. h3 Rh2+ 32. Kg1 Rxh3 33. Qg2 Rg3 34. Qxg3 Qxg3+ 35. Kh1 Qh2# 0-1

[Event "POL-ch U14"]
[Site "Turawa"]
[Date "2007.04.28"]
[Round "3"]
[White "Chudzik, Tomasz"]
[Black "Kropidlowski, Maciej"]
[Result "1-0"]
[WhiteElo "1914"]
[BlackElo "1750"]
[PlyCount "77"]
[EventDate "2007.04.27"]
[EventType "swiss"]
[EventRounds "10"]
[EventCountry "POL"]
[SourceTitle "EXT 2011"]
[Source "ChessBase"]
[SourceDate "2010.11.26"]
[SourceVersion "1"]
[SourceVersionDate "2010.11.26"]
[SourceQuality "1"]

1. e4 e6 2. d4 d5 3. Nc3 Bb4 4. e5 Ne7 5. f4 c5 6. Bd2 cxd4 7. Nb5 Bxd2+ 8. Qxd2 0-0 9. Nf3 Qb6 10. 0-0-0 a6 11. Nbxd4 Bd7 12. g4 Nbc6 13. h4 Rfc8 14. Kb1 Rc7 15. Bh3 Nxd4 16. Nxd4 Nc6 17. Nxc6 Rxc6 18. f5 Rac8 19. Rc1 exf5 20. gxf5 Qb5 21. f6 Rb6 22. b3 Bxh3 23. Qg5 Kf8 24. Qxg7+ Ke8 25. Qg8+ Kd7 26. Qxf7+ Kc6 27. Rxh3 Qb4 28. c4 Rd8 29. cxd5+ Kb5 30. Qc7 Rxd5 31. Qc4+ Qxc4 32. Rxc4 Rxe5 33. Rf4 Re8 34. f7 Rf8 35. Re3 Rg6 36. Re8 Rg1+ 37. Kb2 Rg2+ 38. Ka3 Rxf7 39. Rxf7 1-0

[Event "POL-ch U14"]
[Site "Turawa"]
[Date "2007.04.28"]
[Round "2"]
[White "Kropidlowski, Maciej"]
[Black "Wandzik, Wojciech"]
[Result "0-1"]
[WhiteElo "1750"]
[BlackElo "1945"]
[PlyCount "86"]
[EventDate "2007.04.27"]
[EventType "swiss"]
[EventRounds "10"]
[EventCountry "POL"]
[SourceTitle "EXT 2011"]
[Source "ChessBase"]
[SourceDate "2010.11.26"]
[SourceVersion "1"]
[SourceVersionDate "2010.11.26"]
[SourceQuality "1"]

1. e4 c5 2. Nf3 Nc6 3. d4 cxd4 4. Nxd4 Nf6 5. Nc3 e5 6. Ndb5 d6 7. Bg5 a6 8. Na3 b5 9. Nd5 Be7 10. Bxf6 Bxf6 11. c3 0-0 12. Nc2 Bg5 13. a4 bxa4 14. Rxa4 a5 15. Bc4 Rb8 16. b3 Kh8 17. 0-0 f5 18. exf5 Bxf5 19. Nce3 Bg6 20. Ra3 e4 21. Qe2 Qc8 22. Rd1 Bd8 23. Qd2 Ne5 24. Qd4 Qb7 25. h3 Qf7 26. Ra2 Bh5 27. Rf1 Qg6 28. Kh1 Bh4 29. Nd1 Nf3 30. Qe3 Bg5 31. Qa7 Bh6 32. N5e3 Rbe8 33. Be2 Nh4 34. Bxh5 Qxh5 35. Qxa5 Re5 36. Qa7 Nf3 37. Ng4 Rg5 38. Nxh6 Qxh6 39. Qa8 Rgf5 40. Qc6 Rh5 41. Qd7 Ne5 42. Qe7 Rxh3+ 43. Kg1 Rh1# 0-1

[Event "POL-ch U14"]
[Site "Turawa"]
[Date "2007.04.27"]
[Round "1"]
[White "Sowul, Bartosz"]
[Black "Kropidlowski, Maciej"]
[Result "1-0"]
[WhiteElo "1966"]
[BlackElo "1750"]
[PlyCount "69"]
[EventDate "2007.04.27"]
[EventType "swiss"]
[EventRounds "10"]
[EventCountry "POL"]
[SourceTitle "EXT 2011"]
[Source "ChessBase"]
[SourceDate "2010.11.26"]
[SourceVersion "1"]
[SourceVersionDate "2010.11.26"]
[SourceQuality "1"]

1. d4 e6 2. c4 d5 3. Nc3 Nf6 4. cxd5 exd5 5. Bg5 Nbd7 6. e3 Be7 7. Bd3 c6 8. Nf3 h6 9. Bf4 Nh5 10. Be5 Nxe5 11. Nxe5 Nf6 12. 0-0 0-0 13. h3 Qc7 14. Rc1 Bd7 15. f4 Rae8 16. Qf3 Bd6 17. g4 Be6 18. Nb5 Qd8 19. Nxd6 Qxd6 20. g5 hxg5 21. fxg5 Ne4 22. Bxe4 dxe4 23. Qxe4 Bxa2 24. Rf4 Bd5 25. Qd3 Re7 26. Rcf1 b5 27. R1f2 Rb8 28. Rh4 g6 29. Rf6 Be6 30. Qf1 Rbb7 31. Qf2 Qd5 32. e4 Qd6 33. Nxg6 fxg6 34. Rf8+ Kg7 35. Qf6# 1-0